| 000 | 01262cam a2200289 i 4500 | ||
|---|---|---|---|
| 999 |
_c129015 _d129015 |
||
| 001 | 18813985 | ||
| 003 | ARRUPE | ||
| 005 | 20190214104531.0 | ||
| 008 | 151009s2016 nyu b 001 0 eng | ||
| 010 | _a 2015038951 | ||
| 020 | _a9780521856454 (hardback : alk. paper) | ||
| 020 | _a9780521672429 (pbk. : alk. paper) | ||
| 040 |
_aDLC _beng _cDLC _erda _dDLC |
||
| 042 | _apcc | ||
| 050 | 0 | 0 |
_aB1649.P64 _bS54 2016 |
| 082 | 0 | 0 |
_a192 _223 |
| 245 | 1 | 4 |
_aThe Cambridge companion to Popper / _cedited by Jeremy Shearmur, Australian National University, Geoffrey Stokes, RMIT University. |
| 260 |
_aCambridge _bCambridge University Press _c2016 |
||
| 300 |
_ax, 394 pages ; _c24 cm. |
||
| 490 | 0 | _aCambridge companions to philosophy | |
| 504 | _aIncludes bibliographical references and index. | ||
| 600 | 1 | 0 |
_aPopper, Karl R. _q(Karl Raimund), _d1902-1994. _944678 |
| 906 |
_a7 _bcbc _corignew _d1 _eecip _f20 _gy-gencatlg |
||
| 942 |
_2lcc _cMONOGRAPH |
||